000
00348nam a2200145Ia 4500
008
230718s9999 xx 000 0 und d
041
_a
Eng.
082
_a
348.022
_b
SAR-I
100
_a
Sarathi, Vepa P.
245
0
_a
Interpretation of Statutes
260
_a
Pakistan
_b
Eastern book company
_c
2008
300
_a
776
650
_a
Law
999
_c
29773
_d
29773